000 nam a22 a 4500
999 _c389288
_d389288
003 BLK
005 20201007113308.0
008 200929b bu ||||| |||| 00| 0 bu d
020 _a9789543206742
040 _aBLK
041 _aBUL
_cBUL
080 _aВътрешни работи. Вътрешна политика
_b323
_x(497.2)(091)
_z323(497.2)(091)
100 _9275240
_aКралевска, Нася Атанасова
_eпърви автор
139 _aКралевска, Нася Атанасова
_bК 89
245 _aБез заглавие
_bРушители и строители на България
_cНася Кралевска
250 _a5. доп. изд.
260 _9209565
_aСофия
_bРива
_c2019
_n978-954-320- ; 954-8440-
300 _a382 с.
_bс портр., ил.
_c24 см
380 _a9
501 _a1. изд 2001 на ИК "Иван Вазов" Биогр. данни за авт. отбелязани на гърба на кор. Библиогр.: с. 362-378 Показалец на често срещани имена
650 7 _9167726
_aПреход от тоталитаризъм към демокрация - България
653 7 _9182625
_aбългарска вътрешна политика
852 _aЦб 304039
_bЦб
942 _cKNG
_n0
_s1
944 _aCR
_c2020-10-07
_kК.Д.